[Event " 81159 Frech Karoly Memorial 2013."]
[Site "Budapest, "]
[Date "2013.??.??"]
[Round "1"]
[White "Bodrogi, Laszlo"]
[Black "Yip, Michael"]
[Result "0-1"]
[WhiteElo "2036"]
[BlackElo "2007"]
[PlyCount "90"]
[EventDate "2013.??.??"]

1. d4 d6 2. e4 Nf6 3. Nc3 e5 4. Nf3 Nbd7 5. Bc4 Be7 6. O-O O-O 7. Bg5 c6 8. a4
a5 9. Ba2 h6 10. Bh4 Re8 11. Re1 Qb6 12. Rb1 Nh7 13. Bg3 Bf6 14. d5 Qc7 15. Qe2
Ndf8 16. Qc4 c5 17. b4 axb4 18. Rxb4 Be7 19. Reb1 Nd7 20. R4b2 b6 21. Qe2 Ba6
22. Bc4 Bxc4 23. Qxc4 Reb8 24. Qe2 Qd8 25. Nd2 Nhf6 26. Nc4 Ne8 27. f4 exf4 28.
Bxf4 Bf6 29. e5 dxe5 30. Bxe5 Nxe5 31. Nxe5 Qc7 32. Re1 Nd6 33. a5 Rxa5 34. Nb5
Nxb5 35. Rxb5 Bxe5 36. Rxa5 Bd4+ 37. Kh1 bxa5 38. g3 Qd7 39. Qe4 Rd8 40. c4 a4
41. Qf3 g6 42. Rf1 Qe7 43. Kg2 Rd6 44. Qg4 h5 45. Qf3 a3 0-1

[Event " 81159 Frech Karoly Memorial 2013."]
[Site "Budapest, "]
[Date "2013.??.??"]
[Round "1"]
[White "Bodrogi, Mihaly"]
[Black "Stern, Tibor"]
[Result "1/2-1/2"]
[WhiteElo "2109"]
[BlackElo "2025"]
[PlyCount "35"]
[EventDate "2013.??.??"]

1. Nf3 b5 2. g3 Bb7 3. Bg2 Nf6 4. d4 g6 5. c3 Bg7 6. Qb3 Bc6 7. Ne5 O-O 8. Nxc6
dxc6 9. a4 b4 10. Qxb4 Qc8 11. Qxe7 Re8 12. Qc5 Ne4 13. Qc4 Nd2 14. Nxd2 Nd7
15. Qxc6 Nf6 16. Qxa8 Qxa8 17. Bxa8 Rxa8 18. Kf1 1/2-1/2

[Event " 81159 Frech Karoly Memorial 2013."]
[Site "Budapest, "]
[Date "2013.??.??"]
[Round "1"]
[White "Nagy, Aron"]
[Black "Juhasz, Bela"]
[Result "1/2-1/2"]
[WhiteElo "2140"]
[BlackElo "2222"]
[PlyCount "36"]
[EventDate "2013.??.??"]

1. c4 Nf6 2. g3 d5 3. cxd5 Nxd5 4. Bg2 g6 5. Nc3 Nb6 6. d3 Bg7 7. Be3 N8d7 8.
Qd2 h6 9. Nf3 Nf6 10. h3 Nbd5 11. Bd4 O-O 12. O-O c6 13. Rac1 Be6 14. Na4 Nd7
15. Bxg7 Kxg7 16. Nd4 Nc7 17. Nxe6+ Nxe6 18. Qc3+ Kg8 1/2-1/2

[Event " 81159 Frech Karoly Memorial 2013."]
[Site "Budapest, "]
[Date "2013.??.??"]
[Round "1"]
[White "Zoldy, Robert"]
[Black "Koczo, Kristof"]
[Result "0-1"]
[WhiteElo "1975"]
[BlackElo "2269"]
[PlyCount "72"]
[EventDate "2013.??.??"]

1. e4 c5 2. Nf3 d6 3. c3 Nf6 4. Be2 Nc6 5. d4 cxd4 6. Nxd4 Nxe4 7. Nxc6 bxc6 8.
Qa4 Nc5 9. Qxc6+ Bd7 10. Qf3 Rc8 11. Nd2 Bc6 12. Qg3 g6 13. O-O Bg7 14. Nb3 Ne4
15. Qe3 Qb6 16. Qxb6 axb6 17. Be3 Nc5 18. Nd4 Bd7 19. f4 Na4 20. Rab1 O-O 21.
g4 b5 22. f5 d5 23. Nxb5 Rb8 24. Nc7 Bc6 25. Bf3 Rfd8 26. c4 Bxb2 27. Nxd5 Bxd5
28. Bxd5 gxf5 29. gxf5 Nc3 30. Rbe1 Nxd5 31. cxd5 Rxd5 32. Re2 f6 33. Bh6 Kf7
34. Kh1 Bd4 35. Rg2 Rg8 36. Rc2 Rxf5 0-1

[Event " 81159 Frech Karoly Memorial 2013."]
[Site "Budapest, "]
[Date "2013.??.??"]
[Round "1"]
[White "Varga, Attila"]
[Black "Kormos, Adam"]
[Result "0-1"]
[WhiteElo "2012"]
[BlackElo "2211"]
[PlyCount "96"]
[EventDate "2013.??.??"]

1. d4 Nf6 2. Nf3 g6 3. b3 Bg7 4. Bb2 O-O 5. e3 d5 6. Be2 Ne4 7. O-O c5 8. Nbd2
Nc6 9. c3 Nxd2 10. Qxd2 Qa5 11. Rfd1 Rd8 12. dxc5 Qxc5 13. Rac1 Bf5 14. Nd4
Nxd4 15. cxd4 Qb6 16. Bd3 Bxd3 17. Qxd3 Rac8 18. Rc2 Qa5 19. Rdc1 Rxc2 20. Qxc2
Bf6 21. Qc7 Qxc7 22. Rxc7 Rb8 23. g3 Kf8 24. Rd7 e6 25. Ba3+ Ke8 26. Rc7 Bd8
27. Rc2 Kd7 28. Kf1 h5 29. h3 Ba5 30. Ke2 Rc8 31. Rxc8 Kxc8 32. Be7 Kd7 33. Bf6
Bb4 34. g4 hxg4 35. hxg4 Kc6 36. f3 Bf8 37. a4 b5 38. axb5+ Kxb5 39. Kd3 Kb4
40. Kc2 Ka3 41. e4 Kb4 42. Bg5 Kb5 43. exd5 exd5 44. Bf6 Kc6 45. Kd3 Kd6 46.
Be5+ Ke6 47. Bb8 a6 48. Bc7 Be7 0-1

[Event " 81159 Frech Karoly Memorial 2013."]
[Site "Budapest, "]
[Date "2013.??.??"]
[Round "2"]
[White "Yip, Michael"]
[Black "Kormos, Adam"]
[Result "1/2-1/2"]
[WhiteElo "2007"]
[BlackElo "2211"]
[PlyCount "126"]
[EventDate "2013.??.??"]

1. d4 Nf6 2. c4 g6 3. Nf3 Bg7 4. g3 O-O 5. Bg2 d5 6. cxd5 Nxd5 7. Nc3 Nb6 8.
O-O Nc6 9. d5 Na5 10. Qc2 Nac4 11. Rd1 Bg4 12. h3 Bxf3 13. Bxf3 Nd6 14. b3 Nb5
15. Bb2 Nd4 16. Qd3 Nxf3+ 17. Qxf3 Qd7 18. Kg2 Rac8 19. Rac1 f5 20. e3 c5 21.
dxc6 Qxc6 22. Nd5 Qe6 23. Nf4 Qf7 24. Bxg7 Kxg7 25. Qxb7 e5 26. Ne6+ Kf6 27.
Qxf7+ Rxf7 28. Rxc8 Nxc8 29. Nc5 Rc7 30. b4 e4 31. Rd2 Nb6 32. f4 exf3+ 33.
Kxf3 Re7 34. Rd4 Rc7 35. g4 Ke5 36. Nd3+ Ke6 37. g5 Rc2 38. Nc5+ Kf7 39. a4 Rc4
40. Rxc4 Nxc4 41. e4 a5 42. bxa5 Nxa5 43. Kf4 fxe4 44. Kxe4 Ke7 45. Kd5 Kf7 46.
Ne4 Ke7 47. Nd2 Kd7 48. Nc4 Nb3 49. a5 Kc7 50. a6 Nc1 51. Ne5 Ne2 52. h4 Nf4+
53. Ke4 Ne6 54. Nd3 Kb6 55. Ke5 Ng7 56. Nf4 Kxa6 57. Kf6 Ne8+ 58. Ke5 Kb7 59.
Nd5 Kc8 60. Nf6 Kd8 61. Nxh7 Ke7 62. Kf4 Kf7 63. Kg4 Kg7 1/2-1/2

[Event " 81159 Frech Karoly Memorial 2013."]
[Site "Budapest, "]
[Date "2013.??.??"]
[Round "2"]
[White "Koczo, Kristof"]
[Black "Varga, Attila"]
[Result "1/2-1/2"]
[WhiteElo "2269"]
[BlackElo "2012"]
[PlyCount "120"]
[EventDate "2013.??.??"]

1. d4 d5 2. c4 c6 3. Nf3 Nf6 4. Nc3 e6 5. Bg5 Be7 6. e3 O-O 7. Qc2 Nbd7 8. cxd5
cxd5 9. Bd3 h6 10. Bh4 Re8 11. O-O Nf8 12. Nb5 Bd7 13. Ne5 a6 14. Nc3 Rc8 15.
Qb3 b5 16. f4 b4 17. Nxd7 N8xd7 18. Na4 a5 19. Bb5 Rf8 20. Rac1 Rb8 21. Bd3 Nb6
22. Nc5 Nfd7 23. Bg3 Bd6 24. Bb1 Qe7 25. f5 Bxg3 26. hxg3 exf5 27. Bxf5 Nxc5
28. dxc5 Nc4 29. Rxc4 dxc4 30. Qxc4 Qxe3+ 31. Kh2 Qe5 32. c6 Qc7 33. Rd1 Rbd8
34. Bd7 g6 35. Rd5 h5 36. Qb5 h4 37. Rg5 hxg3+ 38. Kh3 Kh7 39. Qxa5 Rxd7 40.
cxd7 Qxd7+ 41. Kxg3 Qd6+ 42. Qe5 Rd8 43. Qxd6 Rxd6 44. Rg4 Rd3+ 45. Kh2 b3 46.
Ra4 bxa2 47. Rxa2 Rd2 48. Kg3 Kh6 49. Kf3 f5 50. g3 Rd3+ 51. Kf2 Kh5 52. Kg2
Rb3 53. Kf2 g5 54. Kg2 Rb5 55. Kf3 Rb4 56. Kf2 Kg4 57. Kg2 Rb3 58. Ra4+ f4 59.
gxf4 Rxb2+ 60. Kg1 gxf4 1/2-1/2

[Event " 81159 Frech Karoly Memorial 2013."]
[Site "Budapest, "]
[Date "2013.??.??"]
[Round "2"]
[White "Juhasz, Bela"]
[Black "Zoldy, Robert"]
[Result "1-0"]
[WhiteElo "2222"]
[BlackElo "1975"]
[PlyCount "55"]
[EventDate "2013.??.??"]

1. Nf3 d5 2. d4 e6 3. c4 c5 4. cxd5 exd5 5. g3 Nc6 6. Bg2 Nf6 7. O-O Be7 8. Nc3
O-O 9. Bg5 cxd4 10. Nxd4 h6 11. Be3 Re8 12. h3 Bf8 13. Kh2 Ne5 14. Bf4 Ng6 15.
Bd2 a6 16. Qb3 Bc5 17. e3 Ne7 18. Rfd1 Ne4 19. Be1 Bxd4 20. Rxd4 Nc5 21. Qa3
Ne6 22. Rd3 d4 23. Ne2 Nd5 24. Nxd4 Nxd4 25. Rxd4 Be6 26. Rad1 Qg5 27. Bxd5
Bxd5 28. Rxd5 1-0

[Event " 81159 Frech Karoly Memorial 2013."]
[Site "Budapest, "]
[Date "2013.??.??"]
[Round "2"]
[White "Stern, Tibor"]
[Black "Nagy, Aron"]
[Result "0-1"]
[WhiteElo "2025"]
[BlackElo "2140"]
[PlyCount "66"]
[EventDate "2013.??.??"]

1. e4 c5 2. Nf3 d6 3. Bb5+ Bd7 4. Bxd7+ Qxd7 5. c4 Nf6 6. Nc3 g6 7. d4 cxd4 8.
Nxd4 Bg7 9. h3 O-O 10. Be3 Qc7 11. Qd3 Nc6 12. Nxc6 bxc6 13. O-O Nd7 14. Bd4
Ne5 15. Bxe5 Bxe5 16. b4 Rfb8 17. Rab1 a5 18. a3 axb4 19. axb4 Ra3 20. Rfe1 c5
21. Nb5 Rxd3 22. Nxc7 Rxb4 23. Nd5 Rxb1 24. Rxb1 e6 25. Nb6 Rd2 26. Nc8 Rd4 27.
Ne7+ Kg7 28. Nc6 Rxe4 29. Nxe5 Rxe5 30. Rd1 d5 31. f4 Rf5 32. g4 Rxf4 33. cxd5
Rd4 0-1

[Event " 81159 Frech Karoly Memorial 2013."]
[Site "Budapest, "]
[Date "2013.??.??"]
[Round "2"]
[White "Bodrogi, Laszlo"]
[Black "Bodrogi, Mihaly"]
[Result "0-1"]
[WhiteElo "2036"]
[BlackElo "2109"]
[PlyCount "96"]
[EventDate "2013.??.??"]

1. b3 Nf6 2. Bb2 g6 3. e4 d6 4. f4 Bg7 5. Nf3 O-O 6. d3 e5 7. fxe5 Ng4 8. Bc1
Nxe5 9. c3 d5 10. exd5 Qxd5 11. Be2 Nxf3+ 12. Bxf3 Re8+ 13. Kf1 Qd6 14. d4 Nc6
15. Ba3 Qf6 16. Nd2 Bf5 17. Nc4 Rad8 18. Bb2 b5 19. Bxc6 Be4+ 20. Kg1 Qxc6 21.
Na5 Qd5 22. Qd2 c5 23. c4 bxc4 24. bxc4 Bxd4+ 25. Bxd4 Qxd4+ 26. Qxd4 Rxd4 27.
h3 Rb8 28. Rh2 Rb1+ 29. Rxb1 Bxb1 30. Nb3 Rd1+ 31. Kf2 Bxa2 32. Nxc5 Bxc4 33.
Ke3 Bd5 34. Nd3 Rg1 35. Nf4 Bb3 36. g4 a5 37. Ke4 Rc1 38. g5 a4 39. Nd3 Rg1 40.
h4 a3 41. Nc5 Rb1 42. Re2 a2 43. Nxb3 Rxb3 44. Rxa2 Rh3 45. Ke5 Rxh4 46. Kf6
Rf4+ 47. Ke7 Kg7 48. Rg2 Rf5 0-1

[Event " 81159 Frech Karoly Memorial 2013."]
[Site "Budapest, "]
[Date "2013.??.??"]
[Round "3"]
[White "Bodrogi, Mihaly"]
[Black "Yip, Michael"]
[Result "1-0"]
[WhiteElo "2109"]
[BlackElo "2007"]
[PlyCount "63"]
[EventDate "2013.??.??"]

1. Nf3 d6 2. d4 Nf6 3. Bg5 Nbd7 4. Nc3 c5 5. e3 cxd4 6. exd4 g6 7. Qd2 h6 8.
Bf4 Bg7 9. h3 a5 10. a4 b6 11. Be2 Bb7 12. O-O g5 13. Be3 Rc8 14. Rad1 O-O 15.
Nh2 e6 16. h4 Ne4 17. Nxe4 Bxe4 18. c3 gxh4 19. Bf4 Re8 20. Bb5 Nf6 21. Bxh6
Bg6 22. Bg5 Qc7 23. Qf4 Nh7 24. Bxh4 e5 25. dxe5 Bxe5 26. Qe3 Rcd8 27. Bxe8
Rxe8 28. Nf3 Bf6 29. Rd3 Kg7 30. Nd4 Qd7 31. Bxf6+ Kxf6 32. Qf3+ 1-0

[Event " 81159 Freck Karoly Memorial 2013."]
[Site "Budapest, "]
[Date "2013.??.??"]
[Round "3"]
[White "Nagy, Aron"]
[Black "Bodrogi, Laszlo"]
[Result "1/2-1/2"]
[WhiteElo "2140"]
[BlackElo "2036"]
[PlyCount "75"]
[EventDate "2013.??.??"]

1. c4 e5 2. g3 Nf6 3. Bg2 Nc6 4. Nc3 Bb4 5. Nd5 Bc5 6. e3 Nxd5 7. cxd5 Nb4 8.
d4 exd4 9. exd4 Be7 10. a3 Na6 11. Ne2 O-O 12. O-O d6 13. Qd3 Bf6 14. Nc3 Re8
15. Be3 g6 16. Ne4 Bg7 17. Bg5 f6 18. Bd2 Bf5 19. Rfe1 Qd7 20. Re3 Qa4 21. b3
Qd7 22. Rae1 Kf8 23. Qc4 Bxe4 24. Bxe4 Bh6 25. Bf5 Qxf5 26. Rxe8+ Rxe8 27.
Bxh6+ Kf7 28. Be3 h5 29. b4 Re7 30. Bd2 Rxe1+ 31. Bxe1 Qe4 32. Kf1 h4 33. gxh4
f5 34. Qb5 Kf6 35. Bd2 f4 36. Qd7 Qh1+ 37. Ke2 Qe4+ 38. Kf1 1/2-1/2

[Event " 81159 Frech Karoly Memorial 2013."]
[Site "Budapest, "]
[Date "2013.??.??"]
[Round "3"]
[White "Zoldy, Robert"]
[Black "Stern, Tibor"]
[Result "1-0"]
[WhiteElo "1975"]
[BlackElo "2025"]
[PlyCount "89"]
[EventDate "2013.??.??"]

1. e4 Nf6 2. e5 Nd5 3. d4 d6 4. Nf3 dxe5 5. Nxe5 c6 6. Bc4 Nd7 7. Qf3 Nxe5 8.
dxe5 e6 9. O-O Qh4 10. Bb3 Bc5 11. Nd2 f5 12. exf6 Nxf6 13. Qe2 O-O 14. Bxe6+
Bxe6 15. Qxe6+ Kh8 16. Nf3 Qh5 17. Qe5 Rae8 18. Qxh5 Nxh5 19. Bd2 Re2 20. Rae1
Rfe8 21. b4 Bd6 22. Nd4 Rxe1 23. Rxe1 Rxe1+ 24. Bxe1 Nf4 25. Kf1 Be5 26. Nf3
Bf6 27. c4 Kg8 28. g3 Nd3 29. Ke2 Nc1+ 30. Kd2 Nxa2 31. Kc2 Kf7 32. Bd2 a5 33.
bxa5 c5 34. Kb3 Nb4 35. Bxb4 cxb4 36. Kxb4 Ke6 37. Kc5 Kf5 38. Nd4+ Ke4 39. Ne6
Kd3 40. f4 Ke4 41. g4 Bc3 42. Kb6 h5 43. gxh5 Kf5 44. Nxg7+ Bxg7 45. Kxb7 1-0

[Event " 81159 Frech Karoly Memorial 2013."]
[Site "Budapest, "]
[Date "2013.??.??"]
[Round "3"]
[White "Varga, Attila"]
[Black "Juhasz, Bela"]
[Result "1-0"]
[WhiteElo "2012"]
[BlackElo "2222"]
[PlyCount "163"]
[EventDate "2013.??.??"]

1. d4 g6 2. b3 Bg7 3. Bb2 c5 4. e3 Nc6 5. Nf3 Nf6 6. Be2 cxd4 7. Nxd4 O-O 8.
O-O d6 9. Nxc6 bxc6 10. Nd2 a5 11. Bf3 Bd7 12. Re1 a4 13. a3 Rb8 14. b4 c5 15.
c3 Qc7 16. Rc1 c4 17. e4 Bb5 18. Be2 Rbd8 19. Qc2 Nd7 20. Nf3 e5 21. Rcd1 Nb6
22. Bc1 h6 23. Be3 Nc8 24. Rd5 Qc6 25. Nd2 Ne7 26. Rxb5 Qxb5 27. Nxc4 Qc6 28.
Na5 Qa8 29. c4 f5 30. f3 Rc8 31. Bd3 d5 32. exd5 Nxd5 33. Bf2 Nf4 34. Bf1 Rce8
35. c5 e4 36. fxe4 fxe4 37. Be3 Kh7 38. c6 Rf5 39. Nb7 Nd3 40. Rd1 Rc8 41. Na5
Qa6 42. Bxd3 exd3 43. Qxd3 Rxa5 44. bxa5 Rxc6 45. Qxa6 Rxa6 46. Rd7 Kg8 47. Bb6
Bc3 48. Rd5 Kf7 49. Kf1 Ke6 50. Rc5 Bb2 51. Rc4 Bxa3 52. Rxa4 Bd6 53. h3 h5 54.
Ke2 Be5 55. Rc4 Bd6 56. Ke3 Ra8 57. Ke4 Bg3 58. Rc6+ Kf7 59. Kd5 Be1 60. Re6
Re8 61. a6 Kf8 62. Rd6 Kf7 63. a7 Ra8 64. Re6 Ba5 65. Bxa5 Rxa7 66. Bb6 Ra2 67.
Re5 Rxg2 68. h4 Rg4 69. Bd8 Rg1 70. Bg5 Rd1+ 71. Kc6 Rd4 72. Re7+ Kg8 73. Re6
Kf7 74. Rf6+ Kg7 75. Rd6 Re4 76. Rd7+ Kg8 77. Kd6 Re1 78. Re7 Rb1 79. Ke5 Rf1
80. Bf6 Rg1 81. Ke6 Re1+ 82. Be5 1-0

[Event " 81159 Frech Karoly Memorial 2013."]
[Site "Budapest, "]
[Date "2013.??.??"]
[Round "3"]
[White "Kormos, Adam"]
[Black "Koczo, Kristof"]
[Result "1/2-1/2"]
[WhiteElo "2211"]
[BlackElo "2269"]
[PlyCount "85"]
[EventDate "2013.??.??"]

1. e4 c5 2. Nf3 d6 3. d4 cxd4 4. Nxd4 Nf6 5. Nc3 a6 6. h3 e5 7. Nde2 Be6 8. g4
d5 9. exd5 Nxd5 10. Bg2 Bb4 11. O-O Bxc3 12. Nxc3 Nxc3 13. Qxd8+ Kxd8 14. bxc3
Kc7 15. f4 Nc6 16. fxe5 Rad8 17. Re1 Rhe8 18. Ba3 Rd2 19. Bd6+ Kd7 20. Rab1 b5
21. a4 Bd5 22. Bxd5 Rxd5 23. c4 bxc4 24. Rb7+ Ke6 25. Rb6 Rc8 26. Rxa6 f6 27.
Bf8 Kf7 28. Bd6 fxe5 29. Rf1+ Ke6 30. Bf8 Rd2 31. Bxg7 Rxc2 32. Re1 Kd5 33.
Bxe5 Nxe5 34. Ra5+ Rc5 35. Rxc5+ Kxc5 36. Rxe5+ Kd4 37. Re7 c3 38. Kf1 Rh2 39.
a5 Rxh3 40. Ke2 Rh2+ 41. Kd1 Ra2 42. Rxh7 Rxa5 43. Rd7+ 1/2-1/2

[Event " 81159 Frech Karoly Memorial 2013."]
[Site "Budapest, "]
[Date "2013.??.??"]
[Round "4"]
[White "Yip, Michael"]
[Black "Koczo, Kristof"]
[Result "0-1"]
[WhiteElo "2007"]
[BlackElo "2269"]
[PlyCount "126"]
[EventDate "2013.??.??"]

1. d4 d5 2. c4 c6 3. Nf3 Nf6 4. e3 a6 5. b3 b5 6. Bd3 Bg4 7. Nbd2 e6 8. h3 Bh5
9. O-O Nbd7 10. Qc2 Rc8 11. Bb2 Be7 12. c5 a5 13. a3 Bg6 14. b4 a4 15. Bxg6
hxg6 16. Ne5 Nxe5 17. dxe5 Nd7 18. f4 Nf8 19. Rad1 Qc7 20. Nf3 Rd8 21. Bd4 Kd7
22. e4 Kc8 23. Bc3 Bh4 24. exd5 Rxd5 25. Rxd5 exd5 26. Qd2 Ne6 27. Nd4 Nxd4 28.
Bxd4 Qd7 29. Qe2 Qf5 30. Rf3 Rd8 31. g3 Qe4 32. Qd1 Be7 33. f5 Bg5 34. h4 Bh6
35. f6 gxf6 36. Rxf6 Kc7 37. Rxf7+ Rd7 38. Rf3 Rh7 39. Qd3 Bc1 40. Kf2 Qxd3 41.
Rxd3 Rf7+ 42. Kg2 Kd7 43. g4 Ke6 44. Kg3 Rf1 45. h5 gxh5 46. gxh5 Kf5 47. Kg2
Rf4 48. Bf2 Rg4+ 49. Kh3 Rg5 50. Kh4 Kxe5 51. Bg3+ Ke4 52. Rd1 Be3 53. Re1 Rg8
54. Bf2 d4 55. h6 Kf3 56. Bxe3 dxe3 57. h7 Rh8 58. Rf1+ Kg2 59. Rf7 e2 60. Rg7+
Kh2 61. Re7 Rxh7+ 62. Rxh7 e1=Q+ 63. Kg4+ Kg2 0-1

[Event " 81159 Frech Karoly Memorial 2013."]
[Site "Budapest, "]
[Date "2013.??.??"]
[Round "4"]
[White "Juhasz, Bela"]
[Black "Kormos, Adam"]
[Result "1-0"]
[WhiteElo "2222"]
[BlackElo "2211"]
[PlyCount "92"]
[EventDate "2013.??.??"]

1. d4 Nf6 2. c4 g6 3. Nc3 d5 4. cxd5 Nxd5 5. e4 Nxc3 6. bxc3 Bg7 7. Bc4 c5 8.
Ne2 Nc6 9. Be3 O-O 10. O-O Na5 11. Bd3 b6 12. Qd2 e5 13. Bh6 cxd4 14. cxd4 exd4
15. Bxg7 Kxg7 16. f4 Qd6 17. f5 f6 18. Rf3 Bd7 19. fxg6 hxg6 20. Rg3 Qe5 21.
Rf1 Rac8 22. Nf4 Be8 23. Qe2 g5 24. Qg4 Bf7 25. h4 Rc5 26. hxg5 fxg5 27. Qd7
Kg8 28. Ne2 Rc7 29. Qg4 Bxa2 30. Rf5 Rxf5 31. exf5 Qf6 32. Nxd4 Rd7 33. Ne2 Rg7
34. Qe4 Qc6 35. Nc3 Qxe4 36. Nxe4 Bc4 37. Bc2 g4 38. Nf6+ Kf8 39. Kf2 Nc6 40.
Nxg4 Nd4 41. Be4 Ne2 42. Kf3 Nxg3 43. Kxg3 a5 44. Kf4 Rxg4+ 45. Kxg4 a4 46. Kf4
a3 1-0

[Event " 81159 Frech Karoly Memorial 2013."]
[Site "Budapest, "]
[Date "2013.??.??"]
[Round "4"]
[White "Stern, Tibor"]
[Black "Varga, Attila"]
[Result "1-0"]
[WhiteElo "2025"]
[BlackElo "2012"]
[PlyCount "41"]
[EventDate "2013.??.??"]

1. d4 d5 2. c4 c6 3. Nf3 Nf6 4. Nc3 e6 5. Bg5 Be7 6. e3 Nbd7 7. Qc2 O-O 8. cxd5
cxd5 9. Bd3 a6 10. a4 h6 11. Bh4 Re8 12. O-O Nf8 13. a5 Bd7 14. Ne5 Rc8 15. Qb3
Qc7 16. Rfc1 Bd6 17. Bxf6 gxf6 18. Ng4 Kg7 19. f4 e5 20. Nxf6 Kxf6 21. Nxd5+
1-0

[Event " 81159 Frech Karoly Memorial 2013."]
[Site "Budapest, "]
[Date "2013.??.??"]
[Round "4"]
[White "Bodrogi, Mihaly"]
[Black "Nagy, Aron"]
[Result "1/2-1/2"]
[WhiteElo "2109"]
[BlackElo "2097"]
[PlyCount "51"]
[EventDate "2013.??.??"]

1. Nf3 c5 2. e4 d6 3. Bb5+ Bd7 4. Nc3 Nc6 5. O-O g6 6. d3 Bg7 7. Re1 e6 8. Bf4
e5 9. Bg5 Nf6 10. Nd5 O-O 11. c3 Be6 12. Bc4 Bxd5 13. Bxd5 Qd7 14. Bxc6 Qxc6
15. Bxf6 Bxf6 16. Qb3 b5 17. Qd5 Qxd5 18. exd5 a5 19. a4 Rfb8 20. Nd2 Bg5 21.
Ne4 Be7 22. Nd2 Bg5 23. Ne4 Be7 24. Nd2 Bg5 25. Ne4 Be7 26. Nd2 1/2-1/2

[Event " 81159 Frech Karoly Memorial 2013."]
[Site "Budapest, "]
[Date "2013.??.??"]
[Round "4"]
[White "Bodrogi, Laszlo"]
[Black "Zoldy, Robert"]
[Result "1-0"]
[WhiteElo "2036"]
[BlackElo "1975"]
[PlyCount "53"]
[EventDate "2013.??.??"]

1. d4 d5 2. Nf3 Nf6 3. e3 e6 4. Bd3 c5 5. b3 Nc6 6. O-O cxd4 7. exd4 Be7 8. Re1
Bd7 9. Nbd2 Qb6 10. Bb2 Nb4 11. Bf1 Rc8 12. c3 Nc6 13. Ne5 O-O 14. Bd3 a6 15.
Re3 Rfd8 16. Rh3 h6 17. Qe2 Nh7 18. Ndf3 Nb4 19. c4 dxc4 20. bxc4 Nc6 21. Rb1
Qa5 22. Bc1 b5 23. Bxh6 gxh6 24. Rg3+ Kf8 25. Qe3 Bd6 26. Qxh6+ Ke7 27. Ng6+
1-0

[Event " 81159 Frech Karoly Memorial 2013."]
[Site "Budapest, "]
[Date "2013.??.??"]
[Round "5"]
[White "Nagy, Aron"]
[Black "Yip, Michael"]
[Result "1-0"]
[WhiteElo "2140"]
[BlackElo "2007"]
[PlyCount "77"]
[EventDate "2013.??.??"]

1. c4 e5 2. g3 d6 3. Bg2 g6 4. Nc3 Bg7 5. Nf3 f5 6. d4 e4 7. Ng5 h6 8. Nh3 Nc6
9. e3 g5 10. Qh5+ Kf8 11. O-O Nf6 12. Qe2 g4 13. Nf4 Kf7 14. Ncd5 h5 15. Bd2
Ne7 16. b4 c6 17. Nxe7 Qxe7 18. b5 Bd7 19. bxc6 bxc6 20. Rab1 Rhb8 21. Bc3 h4
22. Rfd1 h3 23. Bf1 Bc8 24. Rb2 Rxb2 25. Qxb2 Nd7 26. Rb1 Rb8 27. Qc2 Rxb1 28.
Qxb1 Bh6 29. Qb3 Nf6 30. Qb8 Ba6 31. c5 Bxf4 32. Bxa6 Bh6 33. cxd6 Qd7 34. Bc8
Qe8 35. Qc7+ Kg6 36. d7 Qe6 37. d8=Q Qxa2 38. Qa5 Qb1+ 39. Be1 1-0

[Event " 81159 Frech Karoly Memorial 2013."]
[Site "Budapest, "]
[Date "2013.??.??"]
[Round "5"]
[White "Zoldy, Robert"]
[Black "Bodrogi, Mihaly"]
[Result "0-1"]
[WhiteElo "1975"]
[BlackElo "2109"]
[PlyCount "66"]
[EventDate "2013.??.??"]

1. e4 c5 2. c3 Qa5 3. Nf3 d6 4. d4 cxd4 5. Nxd4 e5 6. Nb5 Qd8 7. Be3 Nc6 8. Bc4
a6 9. N5a3 Nf6 10. f3 Be7 11. O-O O-O 12. Qd2 b5 13. Bb3 h6 14. Rd1 Qc7 15. Qf2
Rb8 16. Nd2 Na5 17. Rac1 Nxb3 18. Nxb3 Be6 19. Qg3 a5 20. Nc2 Kh7 21. Qe1 d5
22. exd5 Nxd5 23. Bf2 Nf4 24. Bg3 Bf5 25. Bxf4 exf4 26. Rd2 Ba3 27. bxa3 Rfc8
28. Rd7 Qb6+ 29. Kh1 Bg6 30. Qe5 Qf2 31. Ncd4 Rb6 32. Rxf7 Bxf7 33. Qf5+ Rg6
0-1

[Event " 81159 Frech Karoly Memorial 2013."]
[Site "Budapest, "]
[Date "2013.??.??"]
[Round "5"]
[White "Varga, Attila"]
[Black "Bodrogi, Laszlo"]
[Result "0-1"]
[WhiteElo "2012"]
[BlackElo "2036"]
[PlyCount "81"]
[EventDate "2013.??.??"]

1. d4 e6 2. Nf3 Nf6 3. Bf4 d5 4. e3 Bd6 5. Bg3 Ne4 6. Nbd2 Nxg3 7. hxg3 Nd7 8.
c3 c6 9. Qc2 Nf8 10. Be2 Qe7 11. O-O-O c5 12. Kb1 Bd7 13. e4 cxd4 14. Nxd4 e5
15. Nb5 Bb8 16. exd5 Qc5 17. Ne4 Qb6 18. Na3 f5 19. Nc4 Qg6 20. Nc5 Bc8 21.
Rhe1 b6 22. Nd3 e4 23. Nf4 Bxf4 24. gxf4 Nd7 25. g3 Qf6 26. Qd2 Bb7 27. f3
O-O-O 28. fxe4 fxe4 29. Bg4 Kb8 30. Bxd7 Rxd7 31. d6 Rhd8 32. Qd4 b5 33. Qxf6
gxf6 34. Na3 a6 35. Kc1 f5 36. Rh1 Rxd6 37. Rxd6 Rxd6 38. Rxh7 e3 39. Re7 Be4
40. Nc2 e2 41. Ne1 0-1

[Event " 81159 Frech Karoly Memorial 2013."]
[Site "Budapest, "]
[Date "2013.??.??"]
[Round "5"]
[White "Kormos, Adam"]
[Black "Stern, Tibor"]
[Result "0-1"]
[WhiteElo "2211"]
[BlackElo "2025"]
[PlyCount "112"]
[EventDate "2013.??.??"]

1. e4 e6 2. d4 d5 3. Nc3 Nc6 4. Nf3 Nf6 5. Bg5 Be7 6. Bxf6 Bxf6 7. Bb5 O-O 8.
e5 Be7 9. Ne2 Bd7 10. Bxc6 bxc6 11. c3 c5 12. O-O cxd4 13. cxd4 c5 14. Qd2 Bb5
15. Rac1 Bxe2 16. Qxe2 Qb6 17. dxc5 Bxc5 18. Qc2 Be7 19. Qc7 Bd8 20. Qxb6 Bxb6
21. Rc6 Rfc8 22. Rfc1 Rxc6 23. Rxc6 Kf8 24. b4 Rb8 25. a4 Ke8 26. Kf1 Kd7 27.
b5 f6 28. Ke2 Rc8 29. Rxc8 Kxc8 30. exf6 gxf6 31. Ne1 Kc7 32. f3 Ba5 33. Nc2 e5
34. g4 Kd6 35. Kd3 Bb6 36. h4 Bc5 37. h5 h6 38. Na1 Bf2 39. Nb3 Ke6 40. Na5 Kd6
41. Nb3 Be1 42. f4 e4+ 43. Ke3 Bc3 44. Nd4 Ke7 45. Nc6+ Kd6 46. Nxa7 Bb2 47.
Kd2 d4 48. Nc6 Kc5 49. Ne7 Bc3+ 50. Kd1 e3 51. Nf5 Ba5 52. Kc1 Bc7 53. Kd1 Bxf4
54. Ng7 Kb4 55. Nf5 d3 56. Ke1 e2 0-1

[Event " 81159 Frech Karoly Memorial 2013."]
[Site "Budapest, "]
[Date "2013.??.??"]
[Round "5"]
[White "Koczo, Kristof"]
[Black "Juhasz, Bela"]
[Result "1-0"]
[WhiteElo "2269"]
[BlackElo "2222"]
[PlyCount "47"]
[EventDate "2013.??.??"]

1. d4 Nf6 2. c4 e6 3. Nf3 Bb4+ 4. Bd2 a5 5. g3 O-O 6. Bg2 d6 7. O-O Bxd2 8.
Qxd2 Ne4 9. Qc2 f5 10. Nc3 Nxc3 11. Qxc3 Qf6 12. Rae1 f4 13. e3 fxg3 14. fxg3
Qh6 15. c5 Nc6 16. e4 Qh5 17. cxd6 cxd6 18. Nd2 Bd7 19. Nc4 e5 20. dxe5 dxe5
21. Nd6 Rxf1+ 22. Rxf1 Nd4 23. Kh1 Ne2 24. Qb3+ 1-0

[Event " 81159 Frech Karoly Memorial 2013."]
[Site "Budapest, "]
[Date "2013.??.??"]
[Round "6"]
[White "Yip, Michael"]
[Black "Juhasz, Bela"]
[Result "0-1"]
[WhiteElo "2007"]
[BlackElo "2222"]
[PlyCount "44"]
[EventDate "2013.??.??"]

1. d4 Nf6 2. Nf3 g6 3. c4 Bg7 4. g3 O-O 5. Bg2 d6 6. O-O Nc6 7. Nc3 a6 8. d5
Na5 9. Nd2 c5 10. Qc2 Rb8 11. b3 b5 12. Bb2 bxc4 13. bxc4 e6 14. Rab1 exd5 15.
cxd5 Bf5 16. e4 Bd7 17. Rfe1 Re8 18. Nd1 Nxd5 19. Bxg7 Rxb1 20. Qxb1 Kxg7 21.
Qd3 Nb4 22. Qxd6 Nc2 0-1

[Event " 81159 Frech Karoly Memorial 2013."]
[Site "Budapest, "]
[Date "2013.??.??"]
[Round "6"]
[White "Stern, Tibor"]
[Black "Koczo, Kristof"]
[Result "0-1"]
[WhiteElo "2025"]
[BlackElo "2269"]
[PlyCount "62"]
[EventDate "2013.??.??"]

1. e4 c6 2. d4 d5 3. exd5 cxd5 4. Bd3 Nc6 5. c3 Qc7 6. Ne2 Bg4 7. f3 Bh5 8. Nf4
Nf6 9. Nxh5 Nxh5 10. O-O e6 11. f4 Nf6 12. Qf3 Bd6 13. b3 O-O-O 14. Na3 Qb6 15.
Nb5 Bb8 16. Ba3 Ne4 17. Bxe4 dxe4 18. Qe2 a6 19. c4 axb5 20. Bc5 Nxd4 21. Bxb6
Nxe2+ 22. Kf2 Nxf4 23. Bxd8 Rxd8 24. Rfd1 Nd3+ 25. Ke3 Ba7+ 26. Ke2 Nf4+ 27.
Kf1 Rxd1+ 28. Rxd1 e3 29. Ke1 Bc5 30. a3 Bxa3 31. c5 Bb4+ 0-1